Evaluación fisiológica del deportista (Registro nro. 80022)

Detalles MARC
000 -ENCABEZADO
Número de control [NR] 01064nam a22003017a 4500
008 - DE LONGITUD FIJA DE DATOS DE ELEMENTOS - INFORMACIÓN GENERAL
Elementos de longitud fija [NR] 130821s1995 sp gr spa
020 ## - NUMERO INTERNACIONAL NORMALIZADO PARA LIBROS [R]
Número Internacional Normalizado del libro [NR] 8480192364
040 ## - FUENTE DE CATALOGACION [NR]
Agencia de catalogación original [NR] Co-BoUCM
Idioma de catalogación [NR] spa
041 00 - CODIGO DE IDIOMA [R]
Código de idioma para texto/pista de sonido o título separado [R] Español
060 ## - SIGNATURA TOPOGRAFICA DE LA BIBLIOTECA NACIONAL DE MEDICINA (NLM) [R]
Número clasificador [R] QT 261
Número de ítem [NR] M113e 1a. ed.
100 ## - ASIENTO PRINCIPAL--NOMBRE PERSONAL [NR]
Nombre personal [NR] Macdougall, J. Duncan
245 00 - MENCION DE TITULO [NR]
Título [NR] Evaluación fisiológica del deportista
Mención de responsabilidad, etc. [NR] J. Duncan MacDougall, Howard A. Wenger, Howard J. Green ; traducido Eduardo Iriarte Goñi
250 ## - MENCION DE EDICION [NR]
Mención de edición [NR] 1a. ed
260 ## - PUBLICACION, DISTRIBUCION, ETC. (PIE DE IMPRENTA) [R]
Lugar de publicación, distribución, etc. [R] Barcelona (España)
Nombre del editor, distribuidor, etc. [R] Paidotribo
Fecha de publicación, distribución, etc. [R] 1995
300 ## - DESCRIPCION FISICA [R]
Extensión [R] 508 páginas
500 ## - NOTA GENERAL [R]
Nota general [NR] Incluye índice y bibliografía al final de cada capítulo
650 04 - ASIENTO SECUNDARIO DE MATERIA - TERMINO TEMATICO [R]
Término temático o nombre geográfico como elemento de entrada [NR] Aspectos fisiológicos
9 (RLIN) 7305
650 04 - ASIENTO SECUNDARIO DE MATERIA - TERMINO TEMATICO [R]
Término temático o nombre geográfico como elemento de entrada [NR] Deportes
9 (RLIN) 388
650 04 - ASIENTO SECUNDARIO DE MATERIA - TERMINO TEMATICO [R]
Término temático o nombre geográfico como elemento de entrada [NR] Deportes
Subdivisión general [R] Aspectos fisiológicos
9 (RLIN) 388
650 04 - ASIENTO SECUNDARIO DE MATERIA - TERMINO TEMATICO [R]
Término temático o nombre geográfico como elemento de entrada [NR] Fisiología humana
9 (RLIN) 15943
650 04 - ASIENTO SECUNDARIO DE MATERIA - TERMINO TEMATICO [R]
Término temático o nombre geográfico como elemento de entrada [NR] Fisiología
9 (RLIN) 15925
650 04 - ASIENTO SECUNDARIO DE MATERIA - TERMINO TEMATICO [R]
Término temático o nombre geográfico como elemento de entrada [NR] Medicina deportiva
9 (RLIN) 19146
700 ## - ASIENTO SECUNDARIO - NOMBRE PERSONAL [R]
Nombre personal [NR] Green, Howard J
700 ## - ASIENTO SECUNDARIO - NOMBRE PERSONAL [R]
Nombre personal [NR] Iriarte Goñi, Eduardo
700 ## - ASIENTO SECUNDARIO - NOMBRE PERSONAL [R]
Nombre personal [NR] Wenger, Howard A
765 ## - ASIENTO DE IDIOMA ORIGINAL [R]
Título [NR] Physiological testing of the high - Perfomance
942 ## - ELEMENTOS DE ENTRADA AGREGADOS (KOHA)
Tipo de ítem principal el descrito en 300a Libro
Tema principal Medicina
Edición 1
Parte restante de la signatura top. M113E
Sistema de clasificación NLM
Clasificación QT 261
Título oculto en OPAC No
Existencias
Fecha de último préstamo Total préstamos Signatura topográfica Código de barras Última vez visto Volúmen / Fascículo Ejemplar Price effective from Tipo de ítem Perdido Sistema de clasificación Dañado No prestable Tipo de ítem específico Suprimido Ubicación habitual Ubicación actual Localización Fecha de creación Forma de adquisición Costo Total Renewals
26/04/2018 98 QT 261 M113E 200003344 12/12/2025 1A. ED. Ej.1 03/02/2013 Libro   NLM     Libro   Quinta de Mutis Quinta de Mutis 1er piso 28/02/2003 Compra 0.00  
08/02/2020 104 QT 261 M113E 200000456 12/12/2025 1A. ED. Ej.2 03/02/2013 Libro   NLM     Libro   Quinta de Mutis Quinta de Mutis 1er piso 28/02/2003 Compra 0.00 6